| 000 | 00432nam a2200145 i 4500 | ||
|---|---|---|---|
| 001 | 184940 | ||
| 003 | ES-MaACL | ||
| 005 | 20230906222319.0 | ||
| 008 | 160222s1895 fr |||| | spa d | ||
| 080 | _a821.134.2(82)-14"18" | ||
| 100 | 0 |
_aSoto y Calvo, Francisco. _9107537 |
|
| 245 | 1 | 0 |
_aPoesÃas : _b1880-1894 / _cFrancisco Soto y Calvo. |
| 260 |
_aParis : _b[s.n.], _c1895 ( _fTip. Garnier hermanos) |
||
| 852 |
_aES-MaACL _jG-7407 |
||
| 999 |
_c184940 _d184940 |
||